header

CHEMISTRY IN CONTEXT (Record no. 251254)

MARC details
000 -LEADER
fixed length control field 00282nam a22001217a 4500
020 ## - INTERNATIONAL STANDARD BOOK NUMBER
ISBN 9780174482765
100 ## - MAIN ENTRY--AUTHOR NAME
Personal name HILL GRAHAM,HOLMAN JOHN
245 ## - TITLE STATEMENT
Title CHEMISTRY IN CONTEXT
250 ## - EDITION STATEMENT
Edition statement 5TH ED
260 ## - PUBLICATION, DISTRIBUTION, ETC. (IMPRINT)
Place of publication UK
Name of publisher THOMAS NELSON & SONS LTD
Year of publication 2000
300 ## - PHYSICAL DESCRIPTION
Number of Pages 640
Other physical details ILL
942 ## - ADDED ENTRY ELEMENTS (KOHA)
Koha item type Long Loan Books
Holdings
Withdrawn status Lost status Collection code Home library Current library Shelving location Date acquired Full call number Accession Number Koha item type
    Non-fiction Rongo University Library Rongo University Library General Stacks 12/11/2015 QD415 .H55 C44 2000 20091791 Long Loan Books

© 2026 Rongo University
Contact us: librarian | system librarian | Rongo university